=LDR 00000nam 2200000 4500 =001 INLIS000000000039000 =005 20140318141611.0 =006 =007 =008 ind =035 ##$$0010-061300000039000 =041 ##$$a ind =082 ##$$a 001.9 =090 ##$$a 001.9, Otw s =100 ##$$a OTWAY, Helen =245 ##$$a 1001 Fakta Tubuh yang Tidak Menyenangkan, Helen Otway;Alih Bahasa,Alexander Sindoro;Editor,Irwin Saputra =260 ##$$a 2012 $b Jakarta =300 ##$$a 208 hlm. , Illus. , 26 cm =650 ##$$a PENGETAHUAN KONTROVERSIAL =700 ##$$a SINDORO, Alexander =850 ##$$a NBPNMAT =990 ##$$a 93638/BPAP-NTB/2014 =990 ##$$a 0001/BPAP-NTB/2016 =990 ##$$a 0001/BPAP-NTB/2016 =990 ##$$a 0001/BPAP-NTB/2016 =990 ##$$a 90444/BPAP-NTB/2014 =990 ##$$a 93638/BPAP-NTB/2014 =990 ##$$a 0001/BPAP-NTB/2016